Efektívnosť produkcie mlieka a hovädzieho mäsa vo veľkovýrobných podmienkach SPEV II-6/6.3.10.

Gespeichert in:
Bibliographische Detailangaben
1. Verfasser: Ižáková, Viera
Weitere Verfasser: Kováčiková, Mária, Starovič, Ľudovít
Format: Buch
Sprache:Slowakisch
Veröffentlicht: Bratislava Výskumný ústav ekonomiky poľnohospodárstva a potravinárstva 1979
Tags: Tag hinzufügen
Keine Tags, Fügen Sie das erste Tag hinzu!

MARC

LEADER 00000nam a2200000 4500
001 0222605
005 20240822101701.1
041 0 |a slo 
044 |a SK 
245 1 0 |a Efektívnosť produkcie mlieka a hovädzieho mäsa vo veľkovýrobných podmienkach  |b SPEV II-6/6.3.10. 
264 1 |a Bratislava  |b Výskumný ústav ekonomiky poľnohospodárstva a potravinárstva  |c 1979 
300 |a 69 s. 
100 1 |a Ižáková, Viera 
700 1 |a Kováčiková, Mária 
700 1 |a Starovič, Ľudovít